| 000 | 00000nam##2200000za#4500 |
| 001 | 9.566395 |
| 003 | CaOODSP |
| 005 | 20210624180253 |
| 007 | cr ||||||||||| |
| 008 | 150406|2004||||xxc|||||o f|0| 0 eng|d |
| 040 | |aCaOODSP|beng |
| 043 | |an-cn--- |
| 086 | 1 |aTU3-5/04-46E-PDF |
| 110 | 2 |aTransportation Safety Board of Canada. |
| 245 | 10|aRejected landing – collision with terrain - Air Cargo Carriers, Inc. Short Brothers SD3-60 N748CC, Oshawa Municipal Airport, Ontario, 16 December 2004 |h[electronic resource] |
| 260 | |aGatineau - Quebec : |bTransportation Safety Board of Canada |c[2005]. |
| 300 | |a11p.|bfigs., references |
| 490 | 1 |aAviation investigation report |vA04O0336 |
| 590 | |a10-05-Supp|b2010-07-20 |
| 690 | 07|aAircraft accidents|2gcpds |
| 775 | 08|tAtterrissage interrompu et collision avec le relief du Short Brothers SD3-60 N748CC exploité par Air Cargo Carriers, Inc. à l'aéroport municipal d'Oshawa (Ontario), le 16 décembre 2004 |w(CaOODSP)9.597898 |
| 830 | #0|aAviation investigation report ;|vA04O0336|w(CaOODSP)9.504825 |
| 856 | 40|ahttp://publications.gc.ca|qPDF|s162 KB|uhttps://publications.gc.ca/collections/collection_2009/bst-tsb/TU3-5-04-46E.pdf|yA04O0336 |